Tolkāppiyar poruṭpaṭalap putturai. (Record no. 66476)

MARC details
000 -LEADER
fixed length control field 00558cam a22002051 4500
001 - CONTROL NUMBER
control field sa 65009853
003 - CONTROL NUMBER IDENTIFIER
control field DLC
005 - DATE AND TIME OF LATEST TRANSACTION
control field 20260227112205.0
008 - FIXED-LENGTH DATA ELEMENTS--GENERAL INFORMATION
fixed length control field 890920m19659999ii c 000 0 tamo
010 ## - LIBRARY OF CONGRESS CONTROL NUMBER
LC control number sa 65009853
035 ## - SYSTEM CONTROL NUMBER
System control number (OCoLC)20373173
040 ## - CATALOGING SOURCE
Original cataloging agency DLC
Transcribing agency WaU
Modifying agency DLC
050 00 - LIBRARY OF CONGRESS CALL NUMBER
Classification number PL4754.T63
Item number S6 1964
100 1# - MAIN ENTRY--PERSONAL NAME
Personal name Cōmacuntara Pāratiyār, Nāvalar Ca.,
Dates associated with a name 1879-1959.
245 10 - TITLE STATEMENT
Title Tolkāppiyar poruṭpaṭalap putturai.
260 ## - PUBLICATION, DISTRIBUTION, ETC.
Date of publication, distribution, etc. [1965-
300 ## - PHYSICAL DESCRIPTION
Extent v.
Other physical details ports.
Dimensions 19 cm.
500 ## - GENERAL NOTE
General note In Tamil.
600 00 - SUBJECT ADDED ENTRY--PERSONAL NAME
Personal name Tolkāppiyar.
Title of a work Tolkāppiyam.

No items available.

Powered by Koha